000 01412nam a2200349 i 4500
001 000014201
003 DO-SdBNP
005 20260217121319.0
007 ta
008 091207s1993 dr ad 000 0 spa d
040 _aDO-SdBNP
_bspa
_cBNPHU
_erda
041 _aspa
082 4 _a330.97293
_bE92e
_222
245 0 0 _aEvaluación de la economía dominicana 1992 y sus perspectivas /
_ccoordinado por, América Bastidas C.
264 1 _aSanto Domingo :
_bUIE;
_bUniversitaria-UASD,
_c1993.
300 _a88 páginas :
_bilustraciones, gráficos ;
_c22 cm.
336 _atexto
_btxt
_2rdacontent
337 _asin mediación
_bn
_2rdamedia
338 _avolumen
_bnc
_2rdacarrier
490 1 _aPublicaciones de la Universidad Autónoma de Santo Domingo
_v722
500 _aA la cabeza de la portada: Informe anual 1992
590 _aInventariado, 2018/ YL
650 4 _aEconomia
_zRepública Dominicana
_985383
650 4 _aHacienda pública
_zRepública Dominicana
_y1992
_96562
651 4 _aRepública Dominicana
_xCondiciones económicas
_y1992
_932081
651 4 _aRepública Dominicana
_xPolítica económica
_y1992
_932082
700 1 _aBastidas C., América,
_ecoordinador
_4coord.
_932083
710 2 _aUnidad de Investigaciones Económicas (República Dominicana)
_932084
710 1 _aUniversidad Autónoma de Santo Domingo
_972951
910 _aValidado. Control de calidad MFF
942 _2ddc
_cLBS1
999 _c13802
_d13802